The unified modeling language : Reference manual (Record no. 183421)

MARC details
000 -LEADER
fixed length control field 00473nam a2200169Ia 4500
005 - DATE AND TIME OF LATEST TRANSACTION
control field 20250318144110.0
008 - FIXED-LENGTH DATA ELEMENTS--GENERAL INFORMATION
fixed length control field 231217s9999 xx 000 0 und d
020 ## - INTERNATIONAL STANDARD BOOK NUMBER
International Standard Book Number 9788173669705
082 ## - DEWEY DECIMAL CLASSIFICATION NUMBER
Classification number 001.6424UML RUM;11 R
100 ## - MAIN ENTRY--PERSONAL NAME
Personal name Rumbaugh, James. Jacobson, Ivan. Booch, Grady.
245 #4 - TITLE STATEMENT
Title The unified modeling language : Reference manual
250 ## - EDITION STATEMENT
Edition statement 2nd ed.
260 ## - PUBLICATION, DISTRIBUTION, ETC. (IMPRINT)
Date of publication, distribution, etc. 2000
Name of publisher, distributor, etc. Pearson
Place of publication, distribution, etc. New Delhi
300 ## - PHYSICAL DESCRIPTION
Extent 739
650 ## - SUBJECT ADDED ENTRY--TOPICAL TERM
Topical term or geographic name as entry element unified,modeling
942 ## - ADDED ENTRY ELEMENTS (KOHA)
Koha item type Books
Holdings
Date last seen Total Checkouts Full call number Accession number Old discount Cost, replacement price Price effective from Category Lost status Damaged status Department Withdrawn status bill no. bill date Permanent Location Current Location Shelving location Entry date Vendor Cost, normal purchase price Grants Currency symbol Conversion rate Discount Discount type
26/01/2024   001.6424UML RUM;11 R 54748 20 456.00 26/01/2024 Books     Central Library   12 26/01/2013 Central Library Central Library Central Library 07/07/2009 Sapna Book House 570.00 MCA RS 1 114 Rupees

© For any Suggestions or Query, please contact the library staff @ librarian@pes.edu or Phone: +9180 2672 1983/ 2108.